000
00324nam a22001457a 4500
003
SGT
020
_a
978-93-7473-614-2
082
_a
617.51
_b
C18S
100
_a
SWAIN, SANTOSH
245
_a
A CONCISE TB OF EAR, NOSE AND THROAT
260
_a
INDIA
_b
AITBS
_c
2018
300
_a
345
650
_a
ENT
942
_2
ddc
_c
BK
_0
6
999
_c
15432
_d
15432